000 00650nam a2200277Ia 4500
005 20260324122946.0
008 008 260324s9999 xx 000 0 eng d
020 _a9780203137758
037 _aEBOOK
040 _aCRL
040 _beng
040 _cCRL
041 _2eng
041 _aeng
084 _qCRL
100 _aAlistair S. Duff
_91168487
245 2 _aA Normative Theory of the Information Society
260 _bTaylor and Francis
260 _c2012
365 _a
365 _b240
856 _uhttp://www.taylorfrancis.com/books/9780203137758
942 _cEBOOK
999 _c1761588
_d1761588